Where to Get Drunk! Quiz Stats

 Plays Quiz Updated Nov 2, 2018

Score 0/15 Timer 02:00
0 Plays Today
Rank State % Correct
6Wisconsin
65.6%
3North Dakota
62.9%
15Maine
62.3%
4South Dakota
61.8%
2Montana
60.6%
5Nevada
56.2%
12Wyoming
53.9%
8Iowa
53.7%
Rank State % Correct
7Vermont
52.1%
1New Hampshire
49.2%
14Mississippi
48.7%
10Nebraska
48.3%
11Louisiana
44%
13South Carolina
38.6%
9Delaware
34.9%

You're not logged in!

Compare scores with friends on all Sporcle quizzes.
OR
Log In

Sporcle TV

Today on Sporcle TV


Watch our educational content, quiz creation guides, and fun videos on Sporcle TV.

Show Comments

Extras

Top Quizzes Today


Score Distribution

Your Account Isn't Verified!

In order to create a playlist on Sporcle, you need to verify the email address you used during registration. Go to your Sporcle Settings to finish the process.

Report this User

Report this user for behavior that violates our Community Guidelines.

Details: